|
|
|
|
| LEADER |
01666nam a22003494a 4500 |
| 001 |
4838 |
| 003 |
BD-DhAAL |
| 005 |
20150419114701.0 |
| 008 |
150419s2000 dcua b i000 0 eng |
| 010 |
|
|
|a 00043238
|
| 020 |
|
|
|a 0585373981 (electronic bk.)
|
| 020 |
|
|
|a 0195215958
|
| 040 |
|
|
|a DLC
|c DLC
|d DLC
|d BD-DhAAL
|
| 050 |
0 |
0 |
|a HB849.49
|b .D47 2000
|
| 082 |
0 |
0 |
|a 339.4/7/0723
|2 21
|
| 245 |
0 |
0 |
|a Designing household survey questionnaires for developing countries : lessons from 15 years of the living standards measurement study /
|c edited by Margaret Grosh and Paul Glewwe.
|
| 260 |
|
|
|a Washington, D.C. :
|b World Bank,
|c c2000.
|
| 300 |
|
|
|a 3 v. :
|b ill. ;
|c 29 cm.
|
| 504 |
|
|
|a Includes bibliographical references.
|
| 530 |
|
|
|a Also available as an electronic book via the World Wide Web to institutions affiliated with netLibrary, Inc.
|
| 541 |
|
|
|e 4838
|
| 650 |
|
0 |
|a Household surveys
|z Developing countries.
|9 10557
|
| 650 |
|
0 |
|a Questionnaires
|z Developing countries.
|9 10558
|
| 651 |
|
0 |
|a Developing countries
|x Economic conditions.
|9 8636
|
| 700 |
1 |
|
|a Grosh, Margaret E.
|9 10559
|
| 700 |
1 |
|
|a Glewwe, Paul,
|d 1958-
|9 10560
|
| 710 |
2 |
|
|a World Bank.
|9 10561
|
| 942 |
|
|
|2 ddc
|c BK
|
| 999 |
|
|
|c 34274
|d 34274
|
| 952 |
|
|
|0 0
|1 0
|2 ddc
|4 0
|6 339_470723000000000_DES
|7 0
|9 53506
|a SCL
|b SCL
|c GEN
|d 2015-04-19
|l 0
|o 339.470723 DES
|p 3020004838
|r 2015-04-19
|t 1
|w 2015-04-19
|y BK
|
| 952 |
|
|
|0 0
|1 0
|2 ddc
|4 0
|6 339_470723000000000_DES
|7 0
|9 54399
|a SCL
|b SCL
|c GEN
|d 2015-06-20
|l 0
|o 339.470723 DES
|p 3020004840
|r 2015-06-20
|t 2
|w 2015-06-20
|y BK
|
| 952 |
|
|
|0 0
|1 0
|2 ddc
|4 0
|6 339_470723000000000_DES
|7 0
|9 54400
|a SCL
|b SCL
|c GEN
|d 2015-06-20
|l 0
|o 339.470723 DES
|p 3020004839
|r 2015-06-20
|t 3
|w 2015-06-20
|y BK
|